Welcome to CU Library Online Public Access Catalogue (OPAC)

Nursing Assistant/ (Record no. 623)

MARC details
000 -LEADER
fixed length control field 00492nam a22001817a 4500
005 - DATE AND TIME OF LATEST TRANSACTION
control field 20241105103632.0
008 - FIXED-LENGTH DATA ELEMENTS--GENERAL INFORMATION
fixed length control field 241105b |||||||| |||| 00| 0 eng d
020 ## - INTERNATIONAL STANDARD BOOK NUMBER
International Standard Book Number 9780827390638
050 ## - LIBRARY OF CONGRESS CALL NUMBER
Classification number RT84.
Item number J45 HEG
245 ## - TITLE STATEMENT
Title Nursing Assistant/
Remainder of title A Nursing Process Approach
250 ## - EDITION STATEMENT
Edition statement 8th
260 ## - PUBLICATION, DISTRIBUTION, ETC.
Place of publication, distribution, etc. Boston
Name of publisher, distributor, etc. Delmar Publishers
Date of publication, distribution, etc. c1999
300 ## - PHYSICAL DESCRIPTION
Extent xvii,700p
Other physical details ill.:
500 ## - GENERAL NOTE
General note Include Glossary, index
700 ## - ADDED ENTRY--PERSONAL NAME
Personal name Hegner,R.Barbara
700 ## - ADDED ENTRY--PERSONAL NAME
Personal name Caldwell, Esther
942 ## - ADDED ENTRY ELEMENTS (KOHA)
Source of classification or shelving scheme Library of Congress Classification
Koha item type Books
Suppress in OPAC No
999 ## -
-- 623
-- 623
Holdings
Withdrawn status Lost status Source of classification or shelving scheme Damaged status Not for loan Collection Home library Current library Shelving location Date acquired Total checkouts Full call number Barcode Date last seen Copy number Price effective from Koha item type
    Library of Congress Classification     Non-fiction Undergraduate Library (Christ Temple) Undergraduate Library (Christ Temple) General stacks 11/05/2024   RT84.J45 HEG ulct00000154 11/05/2024 1 11/05/2024 Books
© 2023-2024 Copyright: Central University Libraries. All Rights Reserved | Created by: Mahone Tech Office